[Event "AUTO-OPEN-3472"]
[Site "http://www.queenalice.com/game.php?id=1355310"]
[Date "2015.4.23"]
[Round "1"]
[White "favazza2007"]
[Black "Karrasco"]
[Result "1-0"]
[WhiteElo "1834"]
[BlackElo "1576"]

1. Nf3 d5 2. d4 e6 3. e3 Nc6 4. Bb5 Ne7 5. O-O a6 6. Bxc6+ Nxc6 7. Bd2 Bb4 8. c3
Bd6 9. b4 e5 10. dxe5 Nxe5 11. Nxe5 Bxe5 12. f4 Bf6 13. Na3 O-O 14. Nc2 Qd6 15.
Nd4 c5 16. bxc5 Qxc5 17. Nb3 Qc4 18. Rc1 b5 19. Be1 Bf5 20. Nd4 Bd3 21. Rf2 Rae8
22. Qd2 Bh4 23. g3 Bf6 24. Rd1 Be4 25. Qb2 Bd3 26. Qb3 Rxe3 27. Qxc4 dxc4 28.
Bd2 Re4 29. Re1 Bxd4 30. Rxe4 Bxe4 31. cxd4 Rd8 32. Bc3 Rd5 33. Re2 f5 34. Kf2
Kf7 35. h3 1-0

[Event "AUTO-OPEN-3472"]
[Site "http://www.queenalice.com/game.php?id=1355311"]
[Date "2015.4.23"]
[Round "1"]
[White "Karrasco"]
[Black "favazza2007"]
[Result "0-1"]
[WhiteElo "1588"]
[BlackElo "1828"]

1. e4 d5 2. exd5 Nf6 3. c4 e6 4. dxe6 Bxe6 5. Nf3 Nc6 6. Nc3 Be7 7. d3 O-O 8.
Be2 Bb4 9. Bd2 Re8 10. O-O Bxc3 11. Bxc3 Bg4 12. Re1 Bxf3 13. Bxf3 Rxe1+ 14.
Qxe1 Qxd3 15. Bxf6 gxf6 16. Bxc6 bxc6 17. Qe7 Qxc4 18. Qxc7 Qb5 19. b3 Qe5 20.
Qxe5 fxe5 21. Rd1 Kg7 22. Rd7 a5 23. Rc7 Ra6 24. g3 Kg6 25. a3 f5 26. Kg2 h5 27.
Kf3 Rb6 28. Ke2 Rxb3 29. Rxc6+ Kg5 30. Rc5 Rxa3 31. Rxe5 a4 32. f3 Ra2+ 33. Ke3
Rxh2 34. Ra5 Ra2 35. Kd4 Ra3 36. Ke5 Rxf3 37. Rxa4 Rxg3 0-1

[Event "AUTO-OPEN-3472"]
[Site "http://www.queenalice.com/game.php?id=1355334"]
[Date "2015.4.23"]
[Round "1"]
[White "ARRMA"]
[Black "Karrasco"]
[Result "1-0"]
[WhiteElo "1100"]
[BlackElo "1545"]

1. e4 e5 2. Nf3 d6 3. Bb5+ c6 4. Bc4 h6 5. O-O Bg4 6. Be2 Nf6 7. Nc3 Nbd7 8. d3
Be7 9. Be3 d5 10. exd5 cxd5 11. d4 1-0

[Event "AUTO-OPEN-3472"]
[Site "http://www.queenalice.com/game.php?id=1355335"]
[Date "2015.4.23"]
[Round "1"]
[White "Karrasco"]
[Black "ARRMA"]
[Result "0-1"]
[WhiteElo "1545"]
[BlackElo "1100"]

1. e4 e5 2. Nf3 Nc6 3. Bc4 d5 4. Bxd5 Bd7 5. Nc3 Bb4 6. Bxc6 Bxc6 7. Nxe5 Bd6 8.
Nxc6 Qd7 9. e5 Bxe5 10. Nxe5 Qe6 0-1

[Event "AUTO-OPEN-3472"]
[Site "http://www.queenalice.com/game.php?id=1355348"]
[Date "2015.4.23"]
[Round "1"]
[White "roqqk"]
[Black "Karrasco"]
[Result "1-0"]
[WhiteElo "1685"]
[BlackElo "1856"]

1. e4 e5 2. Nf3 d6 3. Bc4 h6 4. h3 Nf6 5. d3 Nc6 6. a3 Be7 7. Nh4 Nxe4 8. Qh5 g6
9. Nxg6 fxg6 10. Qxg6+ Kf8 11. Qf7# 1-0

[Event "AUTO-OPEN-3472"]
[Site "http://www.queenalice.com/game.php?id=1355349"]
[Date "2015.4.23"]
[Round "1"]
[White "Karrasco"]
[Black "roqqk"]
[Result "0-1"]
[WhiteElo "1566"]
[BlackElo "1713"]

1. e4 e5 2. Nf3 Nc6 3. Bc4 d6 4. d3 h6 5. Nc3 Nd4 6. h3 Nf6 7. Be3 c5 8. O-O Be7
9. Nd5 Nxd5 10. Bxd5 O-O 11. c3 Nb5 12. c4 Nc7 13. b3 Na6 14. a3 Nc7 15. a4 Nxd5
16. cxd5 Qa5 17. Nh4 Bxh4 18. Qh5 Bf6 19. Qf3 Qb6 20. Ra3 Qb4 21. Bc1 Bg5 22.
Bb2 Bd7 23. Rc1 Bxc1 24. Bxc1 Qe1+ 0-1

[Event "Challenge"]
[Site "http://www.queenalice.com/game.php?id=1355487"]
[Date "2015.4.24"]
[Round "-"]
[White "pcapell"]
[Black "Karrasco"]
[Result "1-0"]
[WhiteElo "1441"]
[BlackElo "1638"]

1. e4 e5 2. Nf3 d6 3. Nc3 Nf6 4. Bb5+ Bd7 5. d4 Bxb5 6. Nxb5 Nxe4 7. Qd3 Nf6 8.
dxe5 dxe5 9. Qxd8+ Kxd8 10. O-O e4 11. Rd1+ Nbd7 12. Nfd4 Bc5 13. Be3 Re8 14. f3
exf3 15. Bf2 fxg2 16. Kxg2 Bxd4 17. Rxd4 Re2 18. Kf1 Rxc2 19. Rb1 c6 20. Nc3 Kc7
21. Ke1 Re8+ 22. Kf1 Nc5 23. Rd3 Nxd3 24. Bd4 Rxh2 25. Bg1 Rxb2 26. Bd4 1-0

[Event "AUTO-OPEN-3473"]
[Site "http://www.queenalice.com/game.php?id=1355631"]
[Date "2015.4.25"]
[Round "1"]
[White "Bategoll"]
[Black "Karrasco"]
[Result "0-1"]
[WhiteElo "1818"]
[BlackElo "1804"]

1. d4 e6 2. e4 d6 3. Nf3 Nf6 4. Nc3 Nc6 5. Bb5 Bd7 6. O-O Be7 7. Be2 a6 8. Re1
O-O 9. Bd2 b6 10. a3 a5 11. Rb1 e5 12. d5 Nd4 13. Nxd4 exd4 14. Nb5 Nxe4 15.
Nxd4 Bf6 16. Nc6 Bxc6 17. dxc6 Bg5 18. Bxg5 Qxg5 19. b4 Nc3 20. Qd3 Nxb1 21.
Rxb1 axb4 22. axb4 Ra4 23. b5 Qc5 24. Qd1 Rd4 25. Bd3 Re8 26. Ra1 g6 27. Ra7
Qxb5 28. Qa1 Qc5 29. Rxc7 Rf4 30. h3 Qxf2+ 31. Kh1 Re1+ 0-1

[Event "AUTO-OPEN-3473"]
[Site "http://www.queenalice.com/game.php?id=1355632"]
[Date "2015.4.25"]
[Round "1"]
[White "Karrasco"]
[Black "Bategoll"]
[Result "1-0"]
[WhiteElo "1599"]
[BlackElo "1815"]

1. e4 e5 2. Nf3 Nf6 3. Nxe5 Nc6 4. Nf3 Bc5 5. d3 h5 6. Nc3 d6 7. Bg5 Be6 8. d4
Bxd4 9. Nxd4 Nxd4 10. Qxd4 Qe7 11. Nd5 1-0

[Event "AUTO-OPEN-3473"]
[Site "http://www.queenalice.com/game.php?id=1355659"]
[Date "2015.4.25"]
[Round "1"]
[White "kokokinel"]
[Black "Karrasco"]
[Result "1-0"]
[WhiteElo "2164"]
[BlackElo "1549"]

1. b3 e5 2. Bb2 Nc6 3. e3 Nf6 4. Bb5 Bd6 5. Ne2 b6 6. Ng3 Bb7 7. O-O O-O 8. d3
Ne7 9. d4 e4 10. Ba3 Bxg3 11. fxg3 Ned5 12. Qe1 1-0

[Event "AUTO-OPEN-3473"]
[Site "http://www.queenalice.com/game.php?id=1355660"]
[Date "2015.4.25"]
[Round "1"]
[White "Karrasco"]
[Black "kokokinel"]
[Result "0-1"]
[WhiteElo "1549"]
[BlackElo "2163"]

1. e4 d5 2. exd5 Qxd5 3. Nc3 Qe5+ 4. Be2 c6 5. Nf3 Qc7 6. Bc4 Bg4 7. d4 Nf6 8.
Bg5 Nbd7 9. Qd3 e6 10. Bxf6 Nxf6 11. Ne5 Bh5 12. O-O Bg6 13. Nxg6 hxg6 0-1

[Event "AUTO-OPEN-3473"]
[Site "http://www.queenalice.com/game.php?id=1355677"]
[Date "2015.4.25"]
[Round "1"]
[White "quickstep"]
[Black "Karrasco"]
[Result "1-0"]
[WhiteElo "2510"]
[BlackElo "1549"]

1. d4 e6 2. c4 d6 3. e4 Nf6 4. Nc3 Nc6 5. Nf3 Be7 6. Bd3 b6 7. O-O O-O 8. a3 Bb7
9. e5 dxe5 10. dxe5 Nd7 11. Qc2 Ndxe5 12. Bxh7+ Kh8 13. Nxe5 1-0

[Event "AUTO-OPEN-3473"]
[Site "http://www.queenalice.com/game.php?id=1355678"]
[Date "2015.4.25"]
[Round "1"]
[White "Karrasco"]
[Black "quickstep"]
[Result "0-1"]
[WhiteElo "1549"]
[BlackElo "2511"]

1. e4 e6 2. d4 d5 3. e5 c5 4. Nf3 cxd4 5. Nxd4 Nc6 6. Nxc6 bxc6 7. Bd3 Ne7 8.
Nc3 a6 9. Bg5 c5 10. Qh5 Qc7 11. Bxe7 Bxe7 12. O-O-O Rb8 13. f4 Qb6 14. g4 Qxb2+
0-1

[Event "AUTO-INT-2991"]
[Site "http://www.queenalice.com/game.php?id=1356131"]
[Date "2015.4.27"]
[Round "1"]
[White "BlackKnight72"]
[Black "Karrasco"]
[Result "1-0"]
[WhiteElo "1671"]
[BlackElo "1908"]

1. d4 Nf6 2. c4 g6 3. Nc3 Bg7 4. Nf3 O-O 5. e3 e6 6. Bd3 Qe7 7. O-O d6 8. a3 Bd7
9. b4 b6 10. Bb2 Nc6 11. b5 Na5 12. Qe2 c6 13. a4 c5 14. dxc5 dxc5 15. Rab1 Qd6
16. Ne4 Nxe4 17. Bxe4 Bxb2 18. Rxb2 Qe5 19. Nxe5 1-0

[Event "AUTO-INT-2991"]
[Site "http://www.queenalice.com/game.php?id=1356132"]
[Date "2015.4.27"]
[Round "1"]
[White "Karrasco"]
[Black "BlackKnight72"]
[Result "1-0"]
[WhiteElo "1780"]
[BlackElo "1696"]

1. e4 c6 2. Nf3 d5 3. e5 c5 4. Nc3 e6 5. d4 Nc6 6. Bb5 Bd7 7. Ng5 cxd4 8. Bxc6
Bxc6 9. Qxd4 Ne7 10. Qf4 Nf5 11. g4 Nh6 12. Bd2 Qc7 13. Nf3 O-O-O 14. Qd4 Kb8
15. Be3 b6 16. Bxh6 gxh6 17. Nh4 Bc5 18. Qd2 Qxe5+ 19. Kf1 d4 20. Re1 Qd6 21.
Ne4 e5 22. Nxd6 Bxd6 23. Rg1 Bb5+ 24. Kg2 Bc6+ 25. Kh3 Bd7 26. Qxh6 1-0

[Event "AUTO-INT-2991"]
[Site "http://www.queenalice.com/game.php?id=1356151"]
[Date "2015.4.27"]
[Round "1"]
[White "Karrasco"]
[Black "nuage"]
[Result "0-1"]
[WhiteElo "1682"]
[BlackElo "1594"]

1. e4 e5 2. Nf3 Nc6 3. Bc4 d6 4. d3 Bg4 5. h3 Bxf3 6. Qxf3 Nf6 7. Bg5 Nd4 8. Qd1
Be7 9. c3 Nc6 10. Bxf6 Bxf6 11. Bd5 Ne7 12. Bxb7 Rb8 13. Ba6 Rxb2 14. Qa4+ c6
15. O-O O-O 16. Bc4 Bh4 17. Na3 d5 18. exd5 cxd5 19. Bxd5 Nxd5 20. Nc4 Nxc3 21.
Qa3 Ne2+ 22. Kh1 Rc2 23. Nxe5 Nf4 24. Qa4 Re2 25. Qxf4 Bf6 26. Nf3 Bxa1 27. Rxa1
Qxd3 28. Ne5 Qc3 29. Rb1 Rxe5 30. Rb7 g5 0-1

[Event "AUTO-INT-2991"]
[Site "http://www.queenalice.com/game.php?id=1356152"]
[Date "2015.4.27"]
[Round "1"]
[White "nuage"]
[Black "Karrasco"]
[Result "0-1"]
[WhiteElo "1594"]
[BlackElo "1833"]

1. Nf3 e6 2. d3 d6 3. g3 Nf6 4. Bg2 e5 5. O-O Bg4 6. Bg5 Be7 7. Nfd2 Nc6 8. c4
Nd4 9. Bxf6 Bxf6 10. f3 Bf5 11. f4 exf4 12. Bxb7 Rb8 13. Qa4+ Bd7 14. Qxa7 Nc2
15. Ne4 Bd4+ 16. Kg2 Bxa7 0-1

[Event "AUTO-OPEN-3474"]
[Site "http://www.queenalice.com/game.php?id=1356218"]
[Date "2015.4.28"]
[Round "1"]
[White "Karrasco"]
[Black "Prosperidade"]
[Result "0-1"]
[WhiteElo "1549"]
[BlackElo "1904"]

1. e4 e5 2. Nf3 d6 3. Nc3 Nf6 4. Bc4 h6 5. d3 Be7 6. Be3 O-O 7. O-O c5 8. Qe2
Nc6 9. a3 Nd4 10. Qd1 Bg4 11. Bxd4 cxd4 12. Nd5 Rc8 13. h3 Bh5 14. b3 a6 15. b4
b5 0-1

[Event "AUTO-OPEN-3474"]
[Site "http://www.queenalice.com/game.php?id=1356219"]
[Date "2015.4.28"]
[Round "1"]
[White "Prosperidade"]
[Black "Karrasco"]
[Result "1-0"]
[WhiteElo "1906"]
[BlackElo "1547"]

1. d4 e6 2. c4 d6 3. Nc3 Nf6 4. e4 Nc6 5. Nf3 Be7 6. Be2 Bd7 7. O-O O-O 8. d5
exd5 9. cxd5 Nb4 10. a3 Na6 11. Re1 Nc5 12. Bf1 c6 13. b4 Na6 14. dxc6 Bxc6 15.
Bb2 1-0

[Event "AUTO-OPEN-3474"]
[Site "http://www.queenalice.com/game.php?id=1356220"]
[Date "2015.4.28"]
[Round "1"]
[White "Karrasco"]
[Black "echo92"]
[Result "0-1"]
[WhiteElo "1487"]
[BlackElo "2124"]

1. e4 Nc6 2. Nf3 d6 3. Nc3 Nf6 4. d4 Bg4 5. Be2 g6 6. Bg5 Bg7 7. O-O O-O 8. d5
Bxf3 9. Bxf3 Ne5 10. Qe2 c6 11. Rad1 Qb6 0-1

[Event "AUTO-OPEN-3474"]
[Site "http://www.queenalice.com/game.php?id=1356221"]
[Date "2015.4.28"]
[Round "1"]
[White "echo92"]
[Black "Karrasco"]
[Result "1-0"]
[WhiteElo "2125"]
[BlackElo "1485"]

1. e4 e5 2. Nf3 d6 3. d4 exd4 4. Nxd4 Nf6 5. Nc3 Qe7 6. Qe2 c5 7. Ndb5 Nc6 8.
Bg5 a6 9. Na3 Nd4 10. Qd3 b5 11. Bxf6 Qxf6 12. Nd5 1-0

[Event "AUTO-OPEN-3474"]
[Site "http://www.queenalice.com/game.php?id=1356222"]
[Date "2015.4.28"]
[Round "1"]
[White "Karrasco"]
[Black "Scharlatan"]
[Result "0-1"]
[WhiteElo "1785"]
[BlackElo "1646"]

1. e4 e6 2. d4 d5 3. e5 c5 4. Nf3 Qb6 5. Nc3 Bd7 6. Be3 cxd4 7. Bxd4 Bc5 8. Bxc5
Qxc5 9. Bd3 b5 10. Qe2 b4 11. Nb5 Bxb5 12. Bxb5+ Nc6 13. Nd4 Ne7 14. O-O O-O 15.
Bxc6 Nxc6 16. Nxc6 Qxc6 17. Rac1 a5 18. c3 Rac8 19. cxb4 Qxc1 20. Rxc1 Rxc1+ 21.
Qd1 Rxd1# 0-1

[Event "AUTO-OPEN-3474"]
[Site "http://www.queenalice.com/game.php?id=1356223"]
[Date "2015.4.28"]
[Round "1"]
[White "Scharlatan"]
[Black "Karrasco"]
[Result "1-0"]
[WhiteElo "1700"]
[BlackElo "1725"]

1. d4 e6 2. c4 d6 3. Nc3 Nf6 4. e4 Nc6 5. Nf3 b6 6. Be2 Bb7 7. O-O Nb4 8. a3 Nc6
9. Qc2 Be7 10. e5 Nd7 11. exd6 Bxd6 12. d5 exd5 13. Nxd5 O-O 14. Bd3 g6 15. Bh6
Re8 16. Bg5 Be7 17. Nxe7+ Nxe7 18. Qc3 Bxf3 19. gxf3 Qc8 20. h4 Nc6 21. f4 Nc5
22. Bc2 Ne4 23. Bxe4 Rxe4 24. f3 Re2 25. Bh6 Ne5 26. Rf2 Nxf3+ 27. Rxf3 Qg4+ 28.
Rg3 Qxh4 29. Qg7# 1-0